| 000 | 00655nam a2200253 i 4500 | ||
|---|---|---|---|
| 001 | bg | ||
| 100 | 1 | _aSztander, Wanda. | |
| 245 | 0 |
_aRodzina z problemem alkoholowym / _cWanda Sztander. |
|
| 250 | _aWyd.4 popr. | ||
| 260 |
_aWarszawa : _bInstytut Psychologii Zdrowia, _c2006. |
||
| 300 |
_a24 s. ; _c20 cm. |
||
| 650 | 9 |
_aAlkoholizm _xa rodzina |
|
| 650 | 9 |
_aRodzina _xsocjologia |
|
| 655 | _aWydawnictwa popularne | ||
| 020 | _a8385452974 | ||
| 040 | _cBPK | ||
| 041 | 0 | _apol | |
| 044 | _aPOL | ||
| 080 | _a613.81:316.35]-058.8 | ||
| 920 | _a83-85452-97-4 | ||
| 942 | _cKS | ||
| 008 | s pl f |000 0 pol | ||
| 999 |
_c50837 _d50837 |
||
| 856 |
_uhttp://koha.tu.koszalin.pl/cgi-bin/koha/opac-detail.pl?biblionumber=50837 _yKatalog online BPK |
||